| 000 | 00649nam a2200157 a 4500 | ||
|---|---|---|---|
| 008 | 200820s2014 ||||||||||||||||| || u | ||
| 020 | _a9781107005938 | ||
| 050 | _aTK 7878.99 .M44 Eng | ||
| 100 | _aEngstrom, Olof | ||
| 245 | 1 | 4 |
_aThe Mos System _cBy Olof Engstrom |
| 260 |
_aCambridge _bCambridge University Press _c2014 |
||
| 300 | _a355 pages : illustrations | ||
| 650 | _aMETAL OXIDE SEMICONDUCTORS--MATHEMATICAL MODELS | ||
| 650 | _aSEMICONDUCTORS--MATHEMATICAL MODELS | ||
| 995 |
_D104.38 _FCBU-MAIN LIBRARY (Kitwe) _M1 _UAVAILABLE _WAug 27, 2020 _ZMain Library Open Access Collection |
||
| 999 |
_c51700 _d51700 |
||